Σχήματα Χωρών από Α - Statistics

General Stats
  • This quiz has been taken 13 times
  • The average score is 11 of 20
Answer Stats
Picture Answer % Correct
Αυστραλία
92%
Αυστρία
92%
Αίγυπτος
85%
Αλβανία
69%
Αλγερία
69%
Αιθιοπία
62%
Αργεντινή
62%
Αφγανιστάν
62%
Ανγκόλα
54%
Αγία Λουκία
46%
Άγιος Βικέντιος και Γρεναδίνες
46%
Αζερμπαϊτζάν
46%
Αρμενία
46%
Άγιος Μαρίνος
38%
Άγιος Χριστόφορος και Νέβις
38%
Ακτή Ελεφαντοστού
38%
Αϊτή
31%
Ανατολικό Τιμόρ
31%
Ανδόρρα
31%
Αντίγκουα και Μπαρμπούντα
31%
No matching quizzes found
Score Distribution
Percent of People with Each Score
Percentile by Number Answered
Your Score History
You have not taken this quiz